000 00697nam a2200253Ia 4500
003 OSt
005 20221006143307.0
006 a|||||r|||| 00| 0
007 ta
008 221006b |||||||| |||| 00| 0 eng d
020 _c378.40
024 _a8,564
037 _cTextual
040 _aEASL
_cEASL
_beng
041 _2eng
_aeng
082 _aX8(A).42.N83, M4
100 _aMcMILLAN Charles J
_9239173
245 0 _aJapanese industrial system
260 _aBerlin
_bWalter De Gruyter
_c1984
300 _a356p.
_ccm.
490 _v JEL
_aDe Gruyter studies in organization;1
942 _hX8(A).42.N83, M4
_cTEXL
_2CC
999 _c1076650
_d1076650